000 00412nam a2200181Ia 4500
001 10100
005 20260306161807.0
008 260306t1999||||xx |||||||||||||| ||spa||
041 _aESP
082 _a891.733
_bT68
100 _aTolstoi, León
_eAUT
245 0 _aLa guerra y la paz
260 _c1999
300 _a968 páginas :
_c21 cm.
650 _aGEN
654 _aCHU
942 _cLIB
_dJUS
_fJUS
_2ddc
_n
999 _c10100
_d10100